000 00200 a2200097 4500
001 26446
100 _aPitman
245 _aEngineering Physics Series
260 _a
_bPitman
_c
090 _c17783
_d17783
942 _aNUST-CAE
_cM
_c8650
999 _c261519
_d261519